Normal view
MARC view
- Project Supervision Dr. Mahrukh Liaqat
Entry Corporate Name
001 - CONTROL NUMBER
- control field: 128178
003 - CONTROL NUMBER IDENTIFIER
- control field: NUST
005 - DATE AND TIME OF LATEST TRANSACTION
- control field: 20250311124806.0
008 - FIXED-LENGTH DATA ELEMENTS
- fixed length control field: 250311|| aca||aabn | a|a d
040 ## - CATALOGING SOURCE
- Original cataloging agency: NUST
- Transcribing agency: NUST
110 ## - HEADING--CORPORATE NAME
- Corporate name or jurisdiction name as entry element: Project Supervision Dr. Mahrukh Liaqat
670 ## - SOURCE DATA FOUND
- Source citation: Work cat.: (NUST): Humayun Ahmad Muhammad Saad Ali Muhammad Wajeeh Ullah Kakar 128177, PR-SOF-2404-Remote Cloud-Based Inverter Monitroing and Troubleshooting, 2024.
